[Event "SLO-chT1 West"]
[Site "Slovenia"]
[Date "2016.11.11"]
[Round "1"]
[White "Groselj, Petra"]
[Black "Lucovnik, Tilen"]
[Result "1/2-1/2"]
[WhiteElo "2041"]
[BlackElo "2041"]
[PlyCount "81"]
[EventDate "2016.11.11"]
[EventType "team-tourn"]
[EventRounds "9"]
[EventCountry "SLO"]
[SourceTitle "EXT 2018"]
[Source "ChessBase"]
[SourceDate "2017.10.13"]
[SourceVersion "1"]
[SourceVersionDate "2017.10.13"]
[SourceQuality "1"]
[WhiteTeam "Domzale"]
[BlackTeam "Komenda"]
[WhiteTeamCountry "SLO"]
[BlackTeamCountry "SLO"]

1. e4 d6 2. d4 Nf6 3. Nc3 e5 4. dxe5 dxe5 5. Qxd8+ Kxd8 6. Bg5 Be6 7. 0-0-0+ Kc8 8. f4 exf4 9. Nf3 Nbd7 10. Bxf4 Bb4 11. Nd5 Ba5 12. Ng5 c6 13. Nxf6 gxf6 14. Nxe6 fxe6 15. Bc4 Re8 16. Rhf1 Bc7 17. Rd2 Re7 18. Bd6 Re8 19. Rf4 e5 20. Rh4 Bxd6 21. Rxd6 Kc7 22. Re6 Rxe6 23. Bxe6 Nf8 24. Bf5 Rd8 25. Bxh7 Ne6 26. Rh6 Rh8 27. Rxf6 Ng5 28. Bg6 Rxh2 29. Rf2 Rh4 30. Rf5 Rh1+ 31. Kd2 Nxe4+ 32. Ke3 Nd6 33. Rg5 e4 34. b3 Rc1 35. Kd2 Rf1 36. Ke2 Rc1 37. Kd2 Rf1 38. Ke2 Rc1 39. Kd2 Rf1 40. Ke2 Rc1 41. Kd2 1/2-1/2